Southville International School and Colleges
Your cart is empty.
  • Cart
  • Lists
    Public lists Eva Luna New books Lux_list list_1
    Your lists Log in to create your own lists
  • Log in to your account
  • Your cookies
  • Search history
Southville International School and Colleges
  • Advanced search
  • Recent comments
  • Most popular
  • Libraries

Log in to your account

Log in with GOOGLE


If you do not have an external account, but do have a local account, you can still log in:

  1. Home
  2. MARC view: Cambridge business English dictionary /
Normal view MARC view ISBD view

Cambridge business English dictionary / (Record no. 25537)

[ view plain ]
MARC details
000 -LEADER
fixed length control field 00811nam a2200265 a 4500
003 - CONTROL NUMBER IDENTIFIER
control field OSt
005 - DATE AND TIME OF LATEST TRANSACTION
control field 20140310183627.0
008 - FIXED-LENGTH DATA ELEMENTS--GENERAL INFORMATION
fixed length control field 121004s19uu xx 00 eng d
020 ## - INTERNATIONAL STANDARD BOOK NUMBER
International Standard Book Number 9780521122504
050 ## - LIBRARY OF CONGRESS CALL NUMBER
Classification number PE 1115
Item number .C178 2011
110 ## - MAIN ENTRY--CORPORATE NAME
Corporate name or jurisdiction name as entry element Cambridge University Press
245 ## - TITLE STATEMENT
Title Cambridge business English dictionary /
260 ## - PUBLICATION, DISTRIBUTION, ETC. (IMPRINT)
Place of publication, distribution, etc Cambridge, UK :
Name of publisher, distributor, etc Cambridge University Press,
Date of publication, distribution, etc 2011.
300 ## - PHYSICAL DESCRIPTION
Extent 947 p. :
Dimensions 23 cm.
650 ## - SUBJECT ADDED ENTRY--TOPICAL TERM
Topical term or geographic name as entry element English language
General subdivision Business English
-- Dictionaries
650 ## - SUBJECT ADDED ENTRY--TOPICAL TERM
Topical term or geographic name as entry element English language
General subdivision Business English
-- Textbooks for foreign speakers
700 ## - ADDED ENTRY--PERSONAL NAME
Personal name Waterhouse, Hellen
700 ## - ADDED ENTRY--PERSONAL NAME
Personal name Summers, Della
700 ## - ADDED ENTRY--PERSONAL NAME
Personal name Bollard, John
700 ## - ADDED ENTRY--PERSONAL NAME
Personal name Barrett, Grant
700 ## - ADDED ENTRY--PERSONAL NAME
Personal name Campbell, Rebecca
700 ## - ADDED ENTRY--PERSONAL NAME
Personal name Cassidy, Carol-June
942 ## - ADDED ENTRY ELEMENTS (KOHA)
Koha item type Books
Source of classification or shelving scheme Library of Congress Classification
Holdings
Withdrawn status Lost status Source of classification or shelving scheme Damaged status Home library Current library Shelving location Date acquired Total Checkouts Full call number Barcode Date last seen Copy number Price effective from Koha item type
    Library of Congress Classification   College Library College Library Reference Section 10/25/2013   PE 1115 .C178 2011 C16190 05/15/2018 1 10/25/2013 Books

Cambridge business English dictionary /

APA

Cambridge University Press, Waterhouse H., Summers D., Bollard J., Barrett G., Campbell R. & Cassidy C. (2011). Cambridge business English dictionary. Cambridge, UK: Cambridge University Press.

Chicago

Cambridge University Press, Waterhouse Hellen, Summers Della, Bollard John, Barrett Grant, Campbell Rebecca and Cassidy Carol-June. 2011. Cambridge business English dictionary. Cambridge, UK: Cambridge University Press.

Harvard

Cambridge University Press, Waterhouse H., Summers D., Bollard J., Barrett G., Campbell R. and Cassidy C. (2011). Cambridge business English dictionary. Cambridge, UK: Cambridge University Press.

MLA

Cambridge University Press, Waterhouse Hellen, Summers Della, Bollard John, Barrett Grant, Campbell Rebecca and Cassidy Carol-June. Cambridge business English dictionary. Cambridge, UK: Cambridge University Press. 2011.

  • Place hold
  • Print
  • Cite
  • Add to your cart (remove)
  • Save record
    BIBTEX Dublin Core MARCXML MARC (non-Unicode/MARC-8) MARC (Unicode/UTF-8) MARC (Unicode/UTF-8, Standard) MODS (XML) RIS
  • More searches
    Search for this title in:
    Other Libraries (WorldCat) Other Databases (Google Scholar) Online Stores (Bookfinder.com) Open Library (openlibrary.org)

Exporting to Dublin Core...

SOUTHVILLE LIBRARY

Southville International School and Colleges Library

1281 Tropical Ave. Cor. Luxembourg St., BF Homes International, Las Pinas City

Tel. No. 8256374 / 252358 Loc. 117/146

Powered by Koha